Naše hory ve věku ledovém

Bibliographic Details
Main Author: Vitásek, František, 1890-1973 (Author)
Format: Book
Language:Czech
PhysicalDescription:77, [1] s. fotogr., ilustr., mp., tab. 8°
Published: Praha Čs. spol. zeměpisná 1924
Series:Knihovna Československé společnosti zemepisné v Praze
Subjects:

MARC

LEADER 00000nam a2200000 a 4500
001 vtls010594204
003 SK-MaSNL
005 20260302053421.0
008 240314s1924 xr oab 000 0 cze
015 |a SNBA1924 
040 |a SNK  |b slo  |c SNK  |e AACR2 
041 0 |a cze 
044 |a xr  |c CZ 
080 |a 551.43:551.793(437)(084.1)  |2 1981 
100 1 |a Vitásek, František,  |d 1890-1973  |4 aut  |9 242679 
245 1 0 |a Naše hory ve věku ledovém  |c František Vitásek 
260 |a Praha  |b Čs. spol. zeměpisná  |c 1924 
300 |a 77, [1] s.  |b fotogr., ilustr., mp., tab.  |c 8° 
490 1 |a Knihovna Československé společnosti zemepisné v Praze ;  |v č. 10 
504 |a Bibliogr. odkazy 
650 0 7 |a pohoria  |2 SNKPH  |9 44054 
650 0 7 |a doba ľadová  |2 SNKPH  |9 55745 
651 7 |a Česko  |2 SNKPH  |9 16753 
655 7 |a štúdie  |2 SNKPH  |9 57033 
830 0 |a Knihovna Československé společnosti zemepisné v Praze  |9 711370 
958 |a TL 
958 |a CZ 
958 |a NB 
999 |c 1109309  |d 1111239 
952 |a SNK  |b SNK  |y PREZ  |7 0  |p 17A0902371  |o snkSB 21421  |i snkK 1007/75  |8 3  |0 0  |1 0  |4 0  |d 2014-04-30  |f 1  |l 0  |r 2025-03-24 00:00:00  |w 2026-02-24